000 00564nam a2200205 4500
003 OSt
005 20240703030828.0
006 a
008 240703b |||||||| |||| 00| 0 eng d
020 _a9719339977
040 _aDWCL-Main lib.
_cOC
082 _aFil. 301 Es82c 2006
100 _aEstoque, Ronan S.
245 _aCollege sociology /
260 _aManila :
_bMindshapers Co., Inc.,
_cc2006.
300 _av,
_b317 p. : ill. ;
_c25 cm.
504 _aIncludes bibliographical references.
650 _a1. Sociology.
942 _2ddc
_n0
_cBK - FIL
_kFil.
999 _c1863
_d1863